Perspectives of biophysical ecology: Papers presented at a symposium held at the University of Michigan, Biological station, Aug 20-24, 1973 (Record no. 26530)

MARC details
000 -LEADER
fixed length control field 00630nam a2200193Ia 4500
082 ## - DEWEY DECIMAL CLASSIFICATION NUMBER
Classification number 581.5
Item number ECO
100 ## - MAIN ENTRY--AUTHOR NAME
Personal name GATES, David M
245 #0 - TITLE STATEMENT
Title Perspectives of biophysical ecology: Papers presented at a symposium held at the University of Michigan, Biological station, Aug 20-24, 1973
260 ## - PUBLICATION, DISTRIBUTION, ETC. (IMPRINT)
Place of publication New York
Name of publisher Springer Verlag
Year of publication 1975
490 ## - SERIES STATEMENT
Series statement Ecological studies 12
650 ## - SUBJECT ADDED ENTRY--TOPICAL TERM
Topical Term Analytical plant model
650 ## - SUBJECT ADDED ENTRY--TOPICAL TERM
Topical Term Climatology
650 ## - SUBJECT ADDED ENTRY--TOPICAL TERM
Topical Term Energy transfer
650 ## - SUBJECT ADDED ENTRY--TOPICAL TERM
Topical Term Plant productivity
650 ## - SUBJECT ADDED ENTRY--TOPICAL TERM
Topical Term Water transport
700 ## - ADDED ENTRY--PERSONAL NAME
Personal name SCHEMERL, Rudolf B
942 ## - ADDED ENTRY ELEMENTS (KOHA)
Koha item type Books
Holdings
Withdrawn status Lost status Damaged status Not for loan Home library Current library Date acquired Full call number Accession Number Koha item type
        RRII Library RRII Library 16/12/2021 581.5 ECO 07163 Books